[Event "Julian Mazur Memorial"]
[Site "Wellington Chess Club"]
[Date "2011.11.08"]
[Round "4"]
[White "Jackson, Ross"]
[Black "Van der Hoorn, Mark"]
[Result "1/2-1/2"]
[WhiteElo "1969"]
[BlackElo "2182"]

1. d4 d5 2. c4 c6 3. Nf3 Nf6 4. e3 e6 5. Nc3 Nbd7 6. Bd3 dxc4 7. Bxc4 b5 8. Bd3
a6 9. O-O c5 10. Re1 Bb7 11. b3 cxd4 12. exd4 Bb4 13. Bd2 Rc8 14. Ne4 Bxd2 15.
Nd6+ Kf8 16. Qxd2 Rc7 17. Ng5 Nb6 18. Nxb7 Rxb7 19. Nf3 Qd6 20. Rac1 Ke7 21.
Qg5 Nd5 22. Ne5 g6 1/2-1/2

[Event "Julian Mazur Memorial"]
[Site "Wellington Chess Club"]
[Date "2011.11.08"]
[Round "4"]
[White "Nijman, Brian"]
[Black "Sellen, Ian"]
[Result "0-1"]
[WhiteElo "2205"]
[BlackElo "2054"]

1. g3 d5 2. c4 e6 3. Bg2 Nf6 4. Nf3 Be7 5. O-O O-O 6. cxd5 exd5 7. d3 Re8 8.
Qc2 c6 9. a3 a5 10. b3 Nbd7 11. e4 Bd6 12. Nc3 dxe4 13. dxe4 Ne5 14. Nh4 Qe7
15. h3 h6 16. Kh2 g5 17. Nf5 Bxf5 18. exf5 Qc7 19. Be3 Neg4+ 20. hxg4 Nxg4+ 21.
Kh1 Nxe3 22. fxe3 Rxe3 23. Rac1 Qe7 24. Ne4 Bxg3 25. Nxg3 Rxg3 26. Qc5 Qxc5 27.
Rxc5 Rxb3 28. f6 Rxa3 29. Rb1 a4 30. Rxb7 Ra1+ 31. Kh2 a3 32. Ra5 Rc8 33. Raa7
Rf8 34. Bh3 g4 35. Bg2 h5 36. Rc7 Ra2 37. Ra4 Kh7 38. Kg3 h4+ 39. Kxg4 Rxg2+
40. Kh3 Rg1 41. Rxc6 Rg3+ 42. Kxh4 Rg1 43. Rc5 Kg6 44. Rg4+ Rxg4+ 45. Kxg4 Ra8
46. Rc1 Kxf6 47. Kf4 a2 48. Ra1 Ra4+ 49. Kf3 Kf5 50. Ke3 Ke5 51. Kd3 f5 52. Kc3
f4 53. Kb2 f3 54. Re1+ Kf4 55. Ka1 f2 56. Rc1 Kf3 57. Rc3+ Kg2 58. Rc2 Kg1 0-1

[Event "Julian Mazur Memorial"]
[Site "Wellington Chess Club"]
[Date "2011.11.08"]
[Round "4"]
[White "Nyberg, Michael"]
[Black "Roberts, Michael"]
[Result "1-0"]
[WhiteElo "2061"]
[BlackElo "1746"]

1. d4 Nf6 2. Bg5 d6 3. Nd2 e5 4. dxe5 dxe5 5. e4 Be7 6. Ngf3 Nbd7 7. Bc4 O-O 8.
O-O Ne8 9. Be3 Nd6 10. Bb3 Kh8 11. Re1 f5 12. exf5 Nxf5 13. Ne4 Nxe3 14. Rxe3
Bf6 15. Rd3 Qe7 16. Qd2 Nb6 17. Re1 Bf5 18. Rde3 Bg6 19. Qa5 Bh5 20. Nc5 Bxf3
21. Rxf3 c6 22. Ne4 Rfd8 23. Ng3 Nd5 24. a3 Qc7 25. Qa4 Nf4 26. Qe4 Rd4 27. Qf5
Qd7 28. Qxd7 Rxd7 29. Ne4 Rad8 30. g3 Rd1 31. Kf1 Rxe1+ 32. Kxe1 Nh5 33. Bf7
1-0

[Event "Julian Mazur Memorial"]
[Site "Wellington Chess Club"]
[Date "2011.11.08"]
[Round "4"]
[White "Pomeroy, Arthur"]
[Black "Brockway, Andrew"]
[Result "1/2-1/2"]
[WhiteElo "2114"]
[BlackElo "1811"]

1. e4 c5 2. Nf3 g6 3. g3 Nc6 4. Bg2 Bg7 5. O-O d6 6. d3 Nf6 7. Nbd2 O-O 8. Nh4
e5 9. c3 Be6 10. Qe1 Nh5 11. Qe2 Nf4 12. Qe3 Bh6 13. Qf3 Nxg2 14. Qxg2 Qd7 15.
Re1 f5 16. exf5 Bxf5 17. Nxf5 Rxf5 18. Qd5+ Qf7 19. Qxf7+ Rxf7 20. Ne4 1/2-1/2

[Event "Julian Mazur Memorial"]
[Site "Wellington Chess Club"]
[Date "2011.11.08"]
[Round "4"]
[White "Salem, Edmund"]
[Black "Rabina, Romeo"]
[Result "1/2-1/2"]
[WhiteElo "1528"]
[BlackElo "1781"]

1. d4 Nf6 2. Nc3 d5 3. Bf4 Bd7 4. e3 e6 5. Nb5 Bxb5 6. Bxb5+ c6 7. Bd3 Qb6 8.
Qc1 Nbd7 9. Ne2 Be7 10. O-O c5 11. c4 Rc8 12. b3 Bd6 13. Qc2 h6 14. Rac1 O-O
15. Qd2 a6 16. Rc2 Rfe8 17. Rfc1 cxd4 18. Bxd6 Qxd6 19. Nxd4 Ng4 20. g3 Nge5
21. Bf1 Qe7 22. Bg2 Qd6 23. cxd5 Rxc2 24. Qxc2 exd5 25. Nf5 Qe6 26. Rd1 Nf6 27.
e4 Nxe4 28. Bxe4 dxe4 29. Qxe4 Nc6 30. Qg4 1/2-1/2

[Event "Julian Mazur Memorial"]
[Site "Wellington Chess Club"]
[Date "2011.11.08"]
[Round "4"]
[White "Theodosiou, Andreas"]
[Black "Stracy, Don"]
[Result "0-1"]
[WhiteElo "1227"]
[BlackElo "1766"]

1. e4 c5 2. Nf3 e6 3. d4 cxd4 4. Nxd4 Nf6 5. Nc3 Nc6 6. Bg5 Bb4 7. a3 Bxc3+ 8.
bxc3 Qa5 9. Qd3 Qxg5 10. Nb5 O-O 11. g3 d5 12. exd5 Qxd5 13. Qxd5 Nxd5 14. c4
Nf6 15. Bg2 e5 16. Rd1 Bg4 17. f3 Bf5 18. c3 Rad8 19. Nd6 Rd7 20. Nxf5 Rxd1+
21. Kxd1 g6 22. Ne3 Na5 23. f4 exf4 24. gxf4 b6 25. Kc2 Re8 26. Kd3 Nb3 27. Nd5
Nc5+ 28. Kd4 Kg7 29. Nxf6 Kxf6 30. Bd5 Ne6+ 31. Ke3 Nc5+ 32. Kf3 Re7 33. h4 Kf5
34. h5 Ne4 35. hxg6 hxg6 36. Rh7 Nd2+ 37. Kf2 Kf6 38. Kg3 Ne4+ 39. Kg4 Nxc3 40.
Rxf7+ Rxf7 41. Bxf7 Kxf7 42. f5 gxf5+ 43. Kxf5 Ke7 44. Ke5 Kd7 45. Kd4 Na4 46.
Kd3 Kc6 47. Kc2 Nc5 48. Kc3 a6 49. Kc2 Nd7 50. Kc3 Kc5 51. a4 Ne5 52. a5 bxa5
53. Kb3 Nxc4 54. Ka4 Kb6 55. Kb3 Kb5 56. Kc3 a4 57. Kc2 Kb4 58. Kb1 Kb3 59. Ka1
Ne3 60. Kb1 a3 61. Ka1 Nc2+ 62. Kb1 a2+ 63. Kc1 a1=Q+ 64. Kd2 Qe1+ 0-1

[Event "Julian Mazur Memorial"]
[Site "Wellington Chess Club"]
[Date "2011.11.08"]
[Round "4"]
[White "Wastney, Scott"]
[Black "Ker, Anthony"]
[Result "1-0"]
[WhiteElo "2369"]
[BlackElo "2492"]

1. e4 d6 2. d4 Nf6 3. Nc3 g6 4. f4 Bg7 5. Nf3 c5 6. dxc5 Qa5 7. Qd4 O-O 8. cxd6
Nc6 9. Qd2 exd6 10. Bd3 Re8 11. O-O a6 12. a3 b5 13. Nd5 Nxd5 14. exd5 Qb6+ 15.
Qf2 Qxf2+ 16. Kxf2 Ne7 17. c4 bxc4 18. Bxc4 Rb8 19. Ra2 Bb7 20. Rd1 Rec8 21. b3
a5 22. a4 Bxd5 23. Bxd5 Nxd5 24. Rxd5 Rxc1 25. Rxa5 Bc3 26. Rd5 Bb4 27. Rd3 Rb1
28. Kg3 Bc5 29. Nd2 Rd1 30. Rf3 Bb4 31. Nc4 d5 32. Ne5 d4 33. Rd3 Be1+ 34. Kf3
Rxd3+ 35. Nxd3 Rxb3 36. Ke4 Ba5 37. Kxd4 Kf8 38. g3 Ke7 39. Ne5 Ke6 40. Nc6
Bb6+ 41. Kc4 Rb1 42. a5 Rc1+ 43. Kb5 Rb1+ 44. Nb4 Ba7 45. a6 h5 46. Kc4 f6 47.
Rc2 Kd7 48. Rd2+ Kc7 49. Nd5+ Kc6 50. Ne7+ Kc7 51. Nxg6 Ra1 52. Rd5 Rxa6 53.
Rxh5 Kd7 54. Rd5+ Ke6 55. f5+ Kf7 56. Rd7+ Kg8 57. h4 Be3 58. Kd5 Bh6 59. Rd6
Ra3 60. Rxf6 Rxg3 61. Ne5 Bf4 62. Rg6+ Kh7 63. Rxg3 Bxg3 64. Nf3 Kg7 65. Ke6
Bc7 66. f6+ Kf8 67. Ng5 Kg8 68. h5 Ba5 69. f7+ Kg7 70. h6+ 1-0

[Event "Julian Mazur Memorial"]
[Site "Wellington Chess Club"]
[Date "2011.11.15"]
[Round "5"]
[White "Brockway, Andrew"]
[Black "Nijman, Brian"]
[Result "0-1"]
[WhiteElo "1811"]
[BlackElo "2205"]

1. e4 c5 2. Nc3 a6 3. f4 b5 4. Nf3 Bb7 5. d3 Nc6 6. g3 d6 7. Bg2 e5 8. O-O Be7
9. fxe5 dxe5 10. Nd5 Nf6 11. Nxf6+ Bxf6 12. Be3 Nd4 13. Bxd4 cxd4 14. a4 O-O
15. axb5 axb5 16. Qd2 h6 17. Qb4 Qb6 18. Nd2 Rfc8 19. Rxa8 Rxa8 20. Nc4 Qe6 21.
Na3 Bc6 22. Qb3 Qxb3 23. cxb3 Be7 24. Rc1 Bxa3 25. bxa3 Bd7 26. Ra1 b4 27. a4
Be6 28. Bf1 Bxb3 29. Rb1 Bxa4 30. Rxb4 Bd7 31. Rb7 Be6 32. Rb5 f6 33. h3 Ra1
34. g4 Ra6 35. Rb8+ Kf7 36. Rb7+ Kg6 37. Kg2 Ra1 38. Rb6 Bf7 39. h4 Be8 40. Rb8
Bd7 41. h5+ Kh7 42. Be2 Ra2 43. Kf1 Ra7 44. Kf2 g6 45. hxg6+ Kxg6 46. Rg8+ Kf7
47. Rh8 Kg7 48. Rb8 Be6 49. Rb2 Ra2 50. Rb7+ Kg6 51. Kf1 Kg5 52. Rg7+ Kf4 53.
Rg6 Kg3 54. Ke1 Ra1+ 55. Kd2 Rh1 56. Rxf6 Bxg4 57. Rg6 h5 58. Rg5 Rh2 0-1

[Event "Julian Mazur Memorial"]
[Site "Wellington Chess Club"]
[Date "2011.11.15"]
[Round "5"]
[White "Capper, David"]
[Black "Salem, Edmund"]
[Result "1-0"]
[WhiteElo "1728"]
[BlackElo "1528"]

1. Nf3 d5 2. c4 c6 3. b3 Bf5 4. g3 e6 5. Bg2 Nd7 6. O-O Bd6 7. d4 Ngf6 8. Nc3
O-O 9. Re1 Re8 10. Nh4 Be4 11. f3 Bg6 12. Nxg6 fxg6 13. e4 Bc7 14. Qc2 Bb6 15.
c5 Bc7 16. Bg5 h6 17. Be3 b6 18. e5 Nxe5 19. dxe5 Bxe5 20. Rad1 g5 21. cxb6
axb6 22. Na4 c5 23. Bxc5 Qc7 24. Nxb6 Rxa2 25. Qc1 Bd6 26. b4 Ra6 27. Qe3 Kf7
28. Bh3 Qe7 29. Rc1 Nd7 30. Nxd7 Qxd7 31. Red1 Bc7 32. Qd4 Rb8 33. Re1 Bb6 34.
Bxe6+ 1-0

[Event "Julian Mazur Memorial"]
[Site "Wellington Chess Club"]
[Date "2011.11.15"]
[Round "5"]
[White "Dive, Russell"]
[Black "Kay, Bruce"]
[Result "1-0"]
[WhiteElo "2440"]
[BlackElo "1833"]

1. c4 Nf6 2. Nc3 e6 3. e4 d5 4. cxd5 exd5 5. e5 Ng8 6. d4 Bb4 7. Bd3 Nc6 8. Be3
Nge7 9. Qf3 Be6 10. Ne2 Qd7 11. h3 Nf5 12. O-O Nxe3 13. fxe3 O-O-O 14. a3 Be7
15. b4 g5 16. Ng3 g4 17. hxg4 Bxg4 18. Qxg4 Qxg4 19. Bf5+ Qxf5 20. Rxf5 Bh4 21.
Nh5 Rhg8 22. Raf1 Bg5 23. R1f3 Ne7 24. Rxf7 h6 25. Nf6 Bxf6 26. exf6 Ng6 27.
Rg7 c6 28. Rxg8 Rxg8 29. Rg3 1-0

[Event "Julian Mazur Memorial"]
[Site "Wellington Chess Club"]
[Date "2011.11.15"]
[Round "5"]
[White "Ker, Anthony"]
[Black "Nyberg, Michael"]
[Result "1-0"]
[WhiteElo "2492"]
[BlackElo "2061"]

1. e4 e6 2. d4 d5 3. e5 c5 4. c3 Bd7 5. Nf3 Qb6 6. a3 Nc6 7. b4 cxd4 8. cxd4
Rc8 9. Bb2 Nh6 10. Nc3 Be7 11. Na4 Qd8 12. Bd3 f5 13. exf6 Bxf6 14. O-O Nf7 15.
Re1 O-O 16. Nc5 Qe7 17. Nxb7 Nd6 18. Nc5 Nd8 19. Qe2 Re8 20. Ne5 Bxe5 21. Qxe5
N8f7 22. Qh5 Nh6 23. Bc1 Ndf7 24. a4 Red8 25. Bxh6 Nxh6 26. Qxd5 Bb5 27. Qe4
Bxd3 28. Qxd3 Qh4 29. Nxe6 Re8 30. Re4 Qf6 31. Rae1 Nf7 32. Nc5 Red8 33. h3 h6
34. Re7 Ng5 35. d5 Rf8 36. Qe3 Qb2 37. Nd3 Qf6 38. Qe5 Qxe5 39. R1xe5 Rc2 40.
d6 Rd2 41. Rd5 Rd1+ 42. Kh2 Rxf2 43. Rxg5 hxg5 44. Nxf2 Rxd6 1-0

[Event "Julian Mazur Memorial"]
[Site "Wellington Chess Club"]
[Date "2011.11.15"]
[Round "5"]
[White "Marney, John"]
[Black "Theodosiou, Andreas"]
[Result "1-0"]
[WhiteElo "1642"]
[BlackElo "1227"]

1. e4 e6 2. d4 d5 3. Nc3 Bb4 4. Bd3 Nf6 5. Ne2 c5 6. Bg5 h6 7. Bb5+ Nbd7 8.
Bxf6 Qxf6 9. exd5 exd5 10. O-O cxd4 11. Nxd5 Qe5 12. Bxd7+ Bxd7 13. Nxb4 O-O
14. Nxd4 Rad8 15. Re1 Qc5 16. c3 Bb5 17. Qg4 Bd7 18. Qg3 f5 19. Nd3 Qb6 20. Re7
Qf6 21. Rae1 Rf7 22. Rxf7 Qxf7 23. b3 b6 24. f4 Qf8 25. Ne6 Bxe6 26. Rxe6 Qa3
27. Nb4 Rd1+ 28. Re1 Qc1 29. Kf1 Rxe1+ 30. Qxe1 Qxf4+ 31. Kg1 Qc7 32. Nd3 Qc5+
33. Nf2 Qa3 34. Qb1 Qc5 35. Qc1 b5 36. c4 a5 37. Qf4 Qe7 38. Nd3 Qe2 39. Qxf5
bxc4 40. Qd5+ Kh7 41. Qxc4 Qxa2 42. h3 Qa1+ 43. Kh2 Qf6 44. Qe4+ Kg8 45. Ne1
Qd6+ 46. Kh1 Qd1 47. Qc4+ Kh7 48. Qd3+ Qxd3 49. Nxd3 Kg6 50. Nb2 Kf5 51. Nc4
Ke6 52. Nxa5 Kd5 53. Kh2 Kc5 54. Nc4 Kb4 55. Kg3 Kxb3 56. Ne5 Kb4 57. Ng6 Kc5
58. Kf4 Kd6 59. Kf5 Kd7 60. Ne5+ Ke7 61. Kg6 Kf8 62. Nf3 Kg8 63. Nh4 Kf8 64.
Nf5 Kg8 65. g4 Kf8 66. h4 Kg8 1-0

[Event "Julian Mazur Memorial"]
[Site "Wellington Chess Club"]
[Date "2011.11.15"]
[Round "5"]
[White "Roberts, Michael"]
[Black "Aldridge, Alan"]
[Result "0-1"]
[WhiteElo "1746"]
[BlackElo "1944"]

1. d4 Nf6 2. c4 c5 3. d5 b5 4. cxb5 a6 5. Nc3 g6 6. e4 d6 7. Bd3 Bg7 8. Nge2
O-O 9. O-O Bb7 10. Be3 axb5 11. Nxb5 Na6 12. f3 Nd7 13. Nbc3 Qa5 14. Qc1 Ne5
15. Bc2 Nb4 16. Rd1 Ba6 17. a3 Nxc2 18. Qxc2 Rfb8 19. Bf2 Bc4 20. Nc1 Bh6 21.
g3 Bxc1 22. Qxc1 Nd3 23. Rxd3 Bxd3 24. Qd2 Bb5 25. Qg5 Qc7 26. Re1 Bc4 27. Nd1
Bb5 28. Ne3 Bd7 29. Nc4 f6 30. Qh6 Bb5 31. Ne3 Ba6 32. Rb1 Bd3 0-1

[Event "Julian Mazur Memorial"]
[Site "Wellington Chess Club"]
[Date "2011.11.15"]
[Round "5"]
[White "Sellen, Ian"]
[Black "Pomeroy, Arthur"]
[Result "1-0"]
[WhiteElo "2054"]
[BlackElo "2114"]

1. c4 g6 2. Nc3 Bg7 3. g3 d6 4. Bg2 Nc6 5. d3 e5 6. e3 h5 7. h4 Nge7 8. Nge2
O-O 9. a3 a5 10. O-O Bg4 11. Qc2 Qd7 12. Rb1 Bh3 13. e4 Bxg2 14. Kxg2 f5 15. f3
Rf7 16. Nd5 Raf8 17. Bg5 Nxd5 18. cxd5 Nd8 19. Rbc1 c5 20. a4 Kh7 21. Nc3 Bh6
22. Bxh6 Kxh6 23. Nb5 Kg7 24. Qd2 b6 25. Qe2 f4 26. gxf4 Rxf4 27. Rh1 Qe7 28.
Qf2 Qf6 29. Rh3 Kh7 30. Qg3 Qe7 31. Qg5 Qxg5+ 32. hxg5 Nf7 33. Rg3 h4 34. Rh1
Kg8 35. Rg4 Rxg4+ 36. fxg4 Nxg5 37. Rxh4 Rf3 38. Nxd6 Rxd3 39. Rh2 Rd4 40. Kf1
Nxe4 41. Nc8 Rxd5 42. Ne7+ 1-0

[Event "Julian Mazur Memorial"]
[Site "Wellington Chess Club"]
[Date "2011.11.15"]
[Round "5"]
[White "Stoeveken, Peter"]
[Black "Jackson, Ross"]
[Result "0-1"]
[WhiteElo "1858"]
[BlackElo "1969"]

1. d4 Nf6 2. c4 c5 3. Nf3 cxd4 4. Bg5 Qa5+ 5. Qd2 Qxd2+ 6. Nbxd2 Nc6 7. a3 a5
8. Bxf6 gxf6 9. Rd1 e5 10. Ne4 Be7 11. e3 f5 12. Ng3 dxe3 13. fxe3 d6 14. Be2
Be6 15. O-O Rd8 16. Nd2 Bg5 17. Nxf5 Bxf5 18. Rxf5 Bxe3+ 19. Kf1 Nd4 20. Rf6
Bg5 21. Rf2 Bxd2 22. Rxd2 Nxe2 23. Rfxe2 Ke7 24. Rd5 b6 25. b4 axb4 26. axb4 f6
27. Rb5 Rc8 28. Rc2 Rc6 29. g3 Rhc8 30. Rb2 Rxc4 31. Rxb6 Rc1+ 32. Kg2 R1c2+
33. Rxc2 Rxc2+ 34. Kh3 Rb2 35. Rb7+ Ke6 36. Rxh7 Rxb4 37. Kg2 d5 38. h4 d4 39.
Kf2 e4 40. Rh8 Rb2+ 41. Ke1 Rg2 42. Rg8 Kf5 43. h5 Rh2 44. g4+ Kf4 45. Rg6 Rh1+
46. Kf2 e3+ 47. Kg2 e2 48. Rxf6+ Kxg4 49. h6 e1=Q 0-1

[Event "Julian Mazur Memorial"]
[Site "Wellington Chess Club"]
[Date "2011.11.15"]
[Round "5"]
[White "Whittle, Jonathon"]
[Black "Rabina, Romeo"]
[Result "0-1"]
[WhiteElo "1732"]
[BlackElo "1781"]

1. e4 c5 2. Nc3 d6 3. g3 Nf6 4. Bg2 Nc6 5. d3 Bd7 6. Be3 g6 7. h3 Bg7 8. Qd2
O-O 9. Bh6 Qb6 10. Bxg7 Kxg7 11. Nd1 Rad8 12. c3 e6 13. f4 Ne7 14. Ne2 Bb5 15.
Nf2 Bc6 16. O-O Qc7 17. g4 h6 18. Ng3 Rh8 19. g5 Nfg8 20. h4 d5 21. Ng4 dxe4
22. Bxe4 Bxe4 23. Nxe4 Nf5 24. Rf3 Qc6 25. Re1 Nxh4 26. gxh6+ Rxh6 27. Ne5
Nxf3+ 28. Nxf3 Ne7 29. Ne5 Qd5 30. c4 Qd4+ 31. Kg2 Rdh8 32. Nf3 Qd8 33. Qc3+
Kf8 34. Nfg5 Rh2+ 35. Kg3 Nf5+ 36. Kf3 Nh4+ 37. Kg3 Nf5+ 38. Kg4 R8h4+ 39. Kf3
Qd4 40. Qa3 b6 41. b4 Kg7 42. bxc5 bxc5 43. Qc3 Rf2+ 44. Nxf2 Qxc3 45. Nge4
Qxe1 0-1

[Event "Julian Mazur Memorial"]
[Site "Wellington Chess Club"]
[Date "2011.11.22"]
[Round "6"]
[White "Aldridge, Alan"]
[Black "Nijman, Brian"]
[Result "1/2-1/2"]
[WhiteElo "1944"]
[BlackElo "2205"]

1. d4 e6 2. c4 f5 3. Nc3 Bb4 4. e3 Nf6 5. Ne2 O-O 6. c5 b6 7. a3 Bxc3+ 8. Nxc3
Bb7 9. h3 Ne4 10. cxb6 axb6 11. Qc2 Qh4 12. Nxe4 fxe4 13. g3 Qf6 14. b4 c5 15.
bxc5 Na6 16. Bb2 Rac8 17. Bb5 bxc5 18. dxc5 Qf3 19. O-O Nxc5 20. Qd1 Qf5 21.
Qg4 Qxg4 22. hxg4 Bc6 23. Bxc6 Rxc6 24. Rac1 Nd3 25. Rxc6 dxc6 26. Bc3 Rb8 27.
Ra1 Rb3 28. Bd2 c5 29. a4 c4 30. a5 c3 31. Bxc3 Rxc3 32. a6 Rc8 33. a7 Ra8 34.
Ra4 Nc5 35. Rc4 Nd7 36. Rxe4 Kf7 37. Ra4 Ke7 38. g5 Kd8 39. Ra6 e5 40. f4 exf4
41. gxf4 Kc7 42. f5 Nc5 43. Ra2 Kb6 44. Rh2 Rxa7 45. Rxh7 Ra1+ 46. Kg2 Ra7 47.
f6 gxf6 48. Rxa7 Kxa7 49. gxf6 Kb6 50. Kf3 Nd7 1/2-1/2

[Event "Julian Mazur Memorial"]
[Site "Wellington Chess Club"]
[Date "2011.11.22"]
[Round "6"]
[White "Brockway, Andrew"]
[Black "Stoeveken, Peter"]
[Result "0-1"]
[WhiteElo "1858"]
[BlackElo "1811"]

1. e4 e6 2. d4 d5 3. Nd2 c5 4. Ngf3 Nc6 5. c3 Qb6 6. exd5 exd5 7. Qe2+ Be7 8.
dxc5 Qxc5 9. Nb3 Qd6 10. g3 Nf6 11. Bf4 Qe6 12. Qxe6 Bxe6 13. Nbd4 O-O 14. Nxe6
fxe6 15. Bh3 Rae8 16. Bxe6+ Kh8 17. O-O-O Nh5 18. Bxd5 Nxf4 19. Bxc6 Ne2+ 20.
Kc2 bxc6 21. Rd3 Bc5 22. Rf1 Rf5 23. Kd2 h6 24. Re1 Bxf2 25. Rxe2 Rxe2+ 26.
Kxe2 Bb6 27. Rd6 c5 28. Rd3 g5 29. Rd6 Kg7 30. c4 Rf7 31. Re6 Rd7 32. b3 Ba5
33. Re5 g4 34. Nh4 Rd2+ 35. Ke3 Rxa2 36. Rxc5 Bb6 37. Kd4 Bxc5+ 38. Kxc5 Rxh2
39. Kd6 Rxh4 40. c5 Rh1 41. b4 Rb1 42. c6 Rxb4 43. c7 0-1

[Event "Julian Mazur Memorial"]
[Site "Wellington Chess Club"]
[Date "2011.11.22"]
[Round "6"]
[White "Jackson, Ross"]
[Black "Dive, Russell"]
[Result "0-1"]
[WhiteElo "1969"]
[BlackElo "2440"]

1. d4 Nf6 2. c4 e6 3. Nc3 Bb4 4. Qc2 O-O 5. Bg5 b6 6. e3 Bb7 7. f3 d5 8. a3
Bxc3+ 9. Qxc3 Nbd7 10. Bd3 c5 11. dxc5 Nxc5 12. Bc2 dxc4 13. Qxc4 Ba6 14. Qd4
e5 15. Qxd8 Rfxd8 16. e4 Rac8 17. Ne2 Ne6 18. Bxf6 gxf6 19. Nc3 Nf4 0-1

[Event "Julian Mazur Memorial"]
[Site "Wellington Chess Club"]
[Date "2011.11.22"]
[Round "6"]
[White "Kay, Bruce"]
[Black "Havukkala, Ilkka"]
[Result "1-0"]
[WhiteElo "1833"]
[BlackElo "1851"]

1. d4 d5 2. c4 c6 3. Nf3 Qc7 4. Nc3 Nf6 5. e3 Bf5 6. cxd5 cxd5 7. Bb5+ Nbd7 8.
Ne5 a6 9. Qa4 Rd8 10. Bxd7+ Bxd7 11. Nxd7 Rxd7 12. Bd2 e6 13. Rc1 Qb8 14. h3
Be7 15. O-O g5 16. Rc2 g4 17. Rfc1 O-O 18. h4 Rdd8 19. g3 Nh5 20. Kg2 Bd6 21.
Ne2 Kh8 22. Nf4 Nf6 23. Bb4 Nd7 24. Qa3 Bxb4 25. Qxb4 Rc8 26. Qe7 Rxc2 27. Rxc2
Rd8 1-0

[Event "Julian Mazur Memorial"]
[Site "Wellington Chess Club"]
[Date "2011.11.22"]
[Round "6"]
[White "Ker, Anthony"]
[Black "Forster, Bill"]
[Result "1-0"]
[WhiteElo "2492"]
[BlackElo "1982"]

1. e4 c5 2. c3 d5 3. exd5 Qxd5 4. d4 Nc6 5. dxc5 Qxd1+ 6. Kxd1 e5 7. b4 a5 8.
b5 Nd8 9. Be3 Ne6 10. c6 bxc6 11. bxc6 Ba6 12. Nf3 Bxf1 13. Rxf1 Bd6 14. Nbd2
Ne7 15. Nc4 Rd8 16. Kc2 f6 17. Nxa5 O-O 18. Nb7 1-0

[Event "Julian Mazur Memorial"]
[Site "Wellington Chess Club"]
[Date "2011.11.22"]
[Round "6"]
[White "Nyberg, Michael"]
[Black "Wilkins, Mark"]
[Result "1-0"]
[WhiteElo "2061"]
[BlackElo "1918"]

1. c4 Nf6 2. Nf3 e6 3. Nc3 b6 4. g3 Bb7 5. Bg2 Be7 6. O-O O-O 7. d4 d5 8. cxd5
exd5 9. Bf4 Re8 10. Rc1 Na6 11. Re1 Ne4 12. Ne5 Nxc3 13. bxc3 c6 14. Qa4 b5 15.
Qb3 Nc7 16. e4 Ne6 17. Bd2 Bf6 18. exd5 cxd5 19. Qxb5 Rb8 20. Nd7 a6 21. Qa4
Rc8 22. Ne5 Re7 23. f4 Rec7 24. Qb3 Ba8 25. f5 Nf8 26. Bf4 g5 27. fxg6 hxg6 28.
Ng4 Re7 29. Nxf6+ 1-0

[Event "Julian Mazur Memorial"]
[Site "Wellington Chess Club"]
[Date "2011.11.22"]
[Round "6"]
[White "Roberts, Michael"]
[Black "Marney, John"]
[Result "1-0"]
[WhiteElo "1746"]
[BlackElo "1642"]

1. d4 d5 2. c4 e6 3. Nc3 Nf6 4. Bg5 Be7 5. e3 O-O 6. cxd5 exd5 7. Bd3 Nbd7 8.
Nge2 h6 9. Bh4 Re8 10. O-O c6 11. f3 Nf8 12. Rc1 Bd7 13. a3 Rc8 14. b4 Ne6 15.
Qb3 Nh5 16. Bf2 Qc7 17. Nxd5 Qd8 18. Nxe7+ Qxe7 19. Rfe1 Qg5 20. Ng3 Rc7 21.
Ne4 Qe7 22. g4 Nf6 23. Bh4 Bc8 24. Bb1 Rd7 25. Nxf6+ gxf6 26. Qd3 Nf8 27. Ba2
Kg7 28. Kf2 Ng6 29. Bg3 Ne5 30. Qc3 Ng6 31. Qc5 Qxc5 32. bxc5 Rde7 33. Bd6 Rd7
34. Bb1 Rdd8 35. e4 Bd7 36. h3 b6 37. Kg3 bxc5 38. Bxc5 a6 39. Bd3 Bc8 40. Rb1
Nf8 41. Bxf8+ Kxf8 42. Rb6 Rxd4 43. Bxa6 Bxa6 44. Rxa6 Rc8 45. Rc1 Rd6 46. a4
Ke7 47. a5 c5 48. Rxd6 Kxd6 49. Kf4 c4 1-0

[Event "Julian Mazur Memorial"]
[Site "Wellington Chess Club"]
[Date "2011.11.22"]
[Round "6"]
[White "Sellen, Ian"]
[Black "Wastney, Scott"]
[Result "0-1"]
[WhiteElo "2054"]
[BlackElo "2369"]

1. c4 e6 2. Nf3 d5 3. d4 Nf6 4. Nc3 Bb4 5. Qc2 dxc4 6. Bg5 b5 7. a4 c6 8. axb5
cxb5 9. Bxf6 Qxf6 10. Qe4 Qf5 11. Qxa8 Qc2 12. Nd2 Qxb2 13. Rd1 Bxc3 14. Qxb8
O-O 15. e4 Bb4 16. Qxa7 c3 17. Qa1 cxd2+ 18. Ke2 Qc2 19. Qb1 Qc3 20. Qd3 Rd8
21. Ke3 Ba6 22. Be2 Rxd4 23. Qxc3 Bxc3 24. Bd3 Ra4 25. Rb1 b4 26. Bc2 Ra5 27.
Bd3 f5 28. Bxa6 Rxa6 29. h4 fxe4 30. Kxe4 Rd6 31. Ke3 Kf7 32. Ke2 e5 33. Rh3
Rd4 34. Rf3+ Ke6 35. g3 Kd5 36. Rd3 Kc4 37. Re3 b3 38. Kd1 e4 39. Ke2 b2 40. g4
d1=Q+ 0-1

[Event "Julian Mazur Memorial"]
[Site "Wellington Chess Club"]
[Date "2011.11.29"]
[Round "7"]
[White "Capper, David"]
[Black "Roberts, Michael"]
[Result "0-1"]
[WhiteElo "1728"]
[BlackElo "1746"]

1. Nf3 Nf6 2. g3 g6 3. Bg2 Bg7 4. d3 d5 5. Nbd2 O-O 6. O-O c5 7. Re1 Nc6 8. e4
dxe4 9. dxe4 e5 10. a3 Qc7 11. Qe2 Be6 12. Rb1 Rad8 13. b4 Nd4 14. Nxd4 cxd4
15. Nb3 b6 16. Bg5 Rc8 17. Rec1 Ne8 18. Bd2 Nd6 19. Qd1 Nc4 20. f4 Rfd8 21. Bf1
Nxd2 22. Nxd2 exf4 23. gxf4 Qxf4 24. Qe2 Rc3 25. Bg2 Rdc8 26. Nf1 Bg4 27. Qe1
Be5 28. Rb2 d3 29. Qd2 Qxd2 30. Nxd2 Rxc2 31. Rbxc2 Rxc2 32. Rxc2 dxc2 33. Nb3
Be6 34. Nc1 Bb2 35. Nd3 Bd4+ 36. Kf1 Bc4 37. Ke1 Bc3+ 0-1

[Event "Julian Mazur Memorial"]
[Site "Wellington Chess Club"]
[Date "2011.11.29"]
[Round "7"]
[White "Dive, Russell"]
[Black "Ker, Anthony"]
[Result "1-0"]
[WhiteElo "2440"]
[BlackElo "2492"]

1. Nf3 d6 2. d4 g6 3. g3 Bg7 4. Bg2 Nd7 5. c4 e5 6. Nc3 Ngf6 7. O-O O-O 8. e4
Re8 9. d5 Nc5 10. Ne1 a5 11. b3 Nfd7 12. Rb1 f5 13. f3 Rf8 14. a3 fxe4 15. fxe4
Rxf1+ 16. Kxf1 Qf8+ 17. Kg1 Nf6 18. b4 axb4 19. axb4 Bg4 20. Qc2 Na6 21. h3 Bd7
22. g4 h6 23. Be3 g5 24. Nd3 Qe7 25. Qe2 Nh7 26. c5 Nf8 27. c6 Bc8 28. Qa2 bxc6
29. dxc6+ Be6 30. Nd5 Qe8 31. Qc2 Bxd5 32. exd5 e4 33. Nf2 Rb8 34. Qc4 Nc5 35.
Bxc5 dxc5 36. d6+ Qe6 37. dxc7 Re8 38. Qxe6+ Nxe6 39. Nxe4 Bd4+ 40. Kh1 Nxc7
41. b5 Rb8 42. b6 c4 43. Nf6+ Bxf6 44. bxc7 Rxb1+ 45. Bf1 Rxf1+ 46. Kg2 Re1 47.
c8=Q+ Kf7 48. c7 1-0

[Event "Julian Mazur Memorial"]
[Site "Wellington Chess Club"]
[Date "2011.11.29"]
[Round "7"]
[White "Nijman, Brian"]
[Black "Forster, Bill"]
[Result "1-0"]
[WhiteElo "2205"]
[BlackElo "1982"]

1. e4 c5 2. Nf3 Nc6 3. b3 e5 4. Nc3 g6 5. Bc4 Bg7 6. d3 Nge7 7. Bg5 Qa5 8. Bd2
Qc7 9. O-O d6 10. Qc1 O-O 11. h3 a6 12. Bh6 b5 13. Bd5 b4 14. Bxc6 Qxc6 15. Na4
f5 16. Bxg7 Kxg7 17. Nd2 Bb7 18. Qb2 g5 19. f3 Ng6 20. exf5 Rxf5 21. Ne4 Raf8
22. c3 Nf4 23. cxb4 Nxd3 24. Qd2 d5 25. Ng3 Nxb4 26. Nxf5+ Rxf5 27. a3 a5 28.
axb4 axb4 29. Qc2 e4 30. fxe4 Re5 31. Qxc5 dxe4 32. Qxe5+ 1-0

[Event "Julian Mazur Memorial"]
[Site "Wellington Chess Club"]
[Date "2011.11.29"]
[Round "7"]
[White "Nyberg, Michael"]
[Black "Sellen, Ian"]
[Result "1-0"]
[WhiteElo "2061"]
[BlackElo "2054"]

1. c4 Nf6 2. d4 e6 3. Nf3 d5 4. Nc3 c6 5. e3 Nbd7 6. Rb1 Bd6 7. c5 Bc7 8. b4 b6
9. b5 bxc5 10. bxc6 Nb8 11. Qa4 O-O 12. Bd3 Ba5 13. Bd2 Bb6 14. O-O c4 15. Be2
Ne8 16. Ne5 f6 17. Nf3 Nc7 18. e4 Qe8 19. exd5 exd5 20. Bf4 Nxc6 21. Bxc7 Bxc7
22. Nxd5 Bd8 23. Bxc4 Kh8 24. Rfe1 Qd7 25. Bb5 Bb7 26. Nb4 1-0

[Event "Julian Mazur Memorial"]
[Site "Wellington Chess Club"]
[Date "2011.11.29"]
[Round "7"]
[White "Pomeroy, Arthur"]
[Black "Jackson, Ross"]
[Result "0-1"]
[WhiteElo "2114"]
[BlackElo "1969"]

1. e4 c5 2. Nf3 d6 3. d4 cxd4 4. Nxd4 Nf6 5. Nc3 Nc6 6. Bc4 e6 7. Be3 a6 8. Qe2
Bd7 9. O-O-O Qc7 10. Bb3 b5 11. g4 b4 12. Nd5 exd5 13. g5 Nxd4 14. Bxd4 Bb5 15.
Qe1 Nd7 16. exd5+ Kd8 17. Qxb4 Rb8 18. Qd2 Nc5 19. Rhe1 Nxb3+ 20. axb3 Bd7 21.
Qf4 Rxb3 22. Qxf7 Rh3 23. Rd2 Bb5 24. Qe6 Qd7 25. Bb6+ Kc8 26. Qe4 g6 27. c4
Bg7 28. Rde2 Rg8 29. b4 0-1